UCL S2 | ManchesterMagnezones Team Quiz Stats

 Plays Quiz not verified by Sporcle

Challenge
Share
Tweet
Embed
Score 0/12 Timer 10:00
0 Plays Today
Tier Answer % Correct
OURotom Wash
85.7%
OUMega Latias
71.4%
OUFerrothorn
57.1%
RUMeloetta
42.9%
UUNidoqueen
28.6%
UUMienshao
28.6%
NUArmaldo
28.6%
UUWhimsicott
14.3%
RUSneasel
14.3%
RURhyperior
14.3%
NUMagmortar
14.3%
NUDusknoir
14.3%

You're not logged in!

Compare scores with friends on all Sporcle quizzes.
Join for Free
OR
Log In

You Might Also Like...

Show Comments

Extras

Created Sep 4, 2016ReportNominate
Tags:Pokémon Quiz, team, tier, ucl

Top Quizzes Today


Score Distribution

Your Account Isn't Verified!

In order to create a playlist on Sporcle, you need to verify the email address you used during registration. Go to your Sporcle Settings to finish the process.

Report this User

Report this user for behavior that violates our Community Guidelines.

Details: